000 00964nam a22003257a 4500
001 0007817
003 KOHA_MİRAKIL
005 20260207001611.0
007 ta
008 091005b1986 us |||gr||||#||||0|eng |
020 _a0070421714
040 _aTR-BiSEU
_btur
_cTR-BiSEU
_erda
041 0 _aeng
044 _cus
050 _aHB172
_b.M55 1986
100 1 _aMiller, Roger LeRoy.
245 1 _aIntermediate microeconomics :
_btheory, issues, applications/
_cRoger LeRoy Miller ; Roger LeRoy Miller, Roger E. Meiners.
250 _a3. bs.
264 1 _aNew York :
_bMcGraw-Hill, c1978
_c1986
300 _axxii, 651, A16, I14 sayfa: resimli
336 _ametin
_btxt
_2rdacontent
337 _aaracısız
_bn
_2rdamedia
338 _acilt
_bnc
_2rdacarrier
490 0 _aEconomics series
500 _aDizin var.
650 0 _aMikroekonomi.
_91880
650 0 _aMikroeconomics.
_919405
830 0 _aEconomics series
_919406
942 _2lcc
_cBK
999 _c7794
_d7794